00318nam a22001097a 4500008004100000082002400041110004700065245003300112260003400145300000900179440002000188230623b xxu||||| |||| 00| 0 eng d a330.96005bJAE 2002 bCentre for the Study of African Economies  aJournal of African Economies bOxford University Pressc2002 a168p n1v11x09638024